Bases para una teología de la ciencia

Uloženo v:
Podrobná bibliografie
Hlavní autor: Dubarle, Dominique (Autor)
Médium: Kniha
Jazyk:španělština
Vydáno: Barcelona Estela 1970
Edice:Colección Theologia, 17
Témata:
Tagy: Přidat tag
Žádné tagy, Buďte první, kdo vytvoří štítek k tomuto záznamu!

MARC

LEADER 00000nam a2200000 a 4500
001 UCL5166
003 CL-VaPUC
008 040305e19700100SP |||||||||||||||||spa|d
082 0 4 |a 215  |b DUB  |2 21 
100 0 |a Dubarle, Dominique  |e author  |9 482868 
245 1 0 |a Bases para una teología de la ciencia 
300 |a 208 p 
942 |c BK 
945 |d 20040305 00:00:00  |a vberengu 
260 |a Barcelona  |b Estela  |c 1970 
650 0 |a Religión y ciencia  |9 314470 
583 |a last modification  |c 20040305 00:00:00  |k Rodrigo Vera 
490 0 |a Colección Theologia, 17 
999 |c 307834  |d 307832 
952 |0 0  |1 0  |4 0  |6 215_000000000000000_DUB_1970  |7 0  |8 A  |9 373966  |a BIBTEO  |b BIBTEO  |d 2019-11-21  |i 2104768  |o 215 DUB 1970  |p 2104768  |r 2019-11-21  |w 2019-11-21  |y BK  |k ICR